Curso de derecho internacional público y organizaciones internacionales (Registro nro. 32149)

Detalles MARC
000 -ENCABEZADO
Número de control [NR] 01118nam a22003017a 4500
005 - FECHA Y HORA DE LA ÚLTIMA TRANSACCIÓN
control field 20211105120345.0
008 - DE LONGITUD FIJA DE DATOS DE ELEMENTOS - INFORMACIÓN GENERAL
Elementos de longitud fija [NR] 131210s2016 sp fr 001 0 spa d
020 ## - NUMERO INTERNACIONAL NORMALIZADO PARA LIBROS [R]
ISBN Cancelado/ Invalidado [R] 8430936394
020 ## - NUMERO INTERNACIONAL NORMALIZADO PARA LIBROS [R]
Número Internacional Normalizado del libro [NR] 9788430969326 (20a.Ed.)
020 ## - NUMERO INTERNACIONAL NORMALIZADO PARA LIBROS [R]
Número Internacional Normalizado del libro [NR] 9788430966226 (19a.Ed.)
020 ## - NUMERO INTERNACIONAL NORMALIZADO PARA LIBROS [R]
Número Internacional Normalizado del libro [NR] 9788430958795 (17a.Ed.)
040 ## - FUENTE DE CATALOGACION [NR]
Agencia de catalogación original [NR] CO-BoUCM
Idioma de catalogación [NR] spa
Quien Cataloga Saul Niño (Modificó)
Quien Clasifica [Nuevo]
041 00 - CODIGO DE IDIOMA [R]
Código de idioma para texto/pista de sonido o título separado [R] Español
100 1# - ASIENTO PRINCIPAL--NOMBRE PERSONAL [NR]
Nombre personal [NR] Pastor Ridruejo, José Antonio
ID Autoridad 52554
245 10 - MENCION DE TITULO [NR]
Título [NR] Curso de derecho internacional público y organizaciones internacionales
Mención de responsabilidad, etc. [NR] José Antonio Pastor Ridruejo
250 ## - MENCION DE EDICION [NR]
Mención de edición [NR] Vigésima edición
260 ## - PUBLICACION, DISTRIBUCION, ETC. (PIE DE IMPRENTA) [R]
Lugar de publicación, distribución, etc. [R] Madrid (España)
Nombre del editor, distribuidor, etc. [R] Tecnos
Fecha de publicación, distribución, etc. [R] 2016
300 ## - DESCRIPCION FISICA [R]
Extensión [R] 881 páginas
504 ## - NOTA DE BIBLIOGRAFIA, ETC. [R]
Nota de bibliografía, etc. [NR] Incluye referencias bibliográficas
650 #7 - ASIENTO SECUNDARIO DE MATERIA - TERMINO TEMATICO [R]
Término temático o nombre geográfico como elemento de entrada [NR] Derecho internacional público
9 (RLIN) 7498
650 #7 - ASIENTO SECUNDARIO DE MATERIA - TERMINO TEMATICO [R]
Término temático o nombre geográfico como elemento de entrada [NR] Derecho internacional
9 (RLIN) 12776
650 #7 - ASIENTO SECUNDARIO DE MATERIA - TERMINO TEMATICO [R]
Término temático o nombre geográfico como elemento de entrada [NR] Guerra (Derecho internacional)
9 (RLIN) 16574
650 #7 - ASIENTO SECUNDARIO DE MATERIA - TERMINO TEMATICO [R]
Término temático o nombre geográfico como elemento de entrada [NR] Organismos internacionales
9 (RLIN) 20845
650 #7 - ASIENTO SECUNDARIO DE MATERIA - TERMINO TEMATICO [R]
Término temático o nombre geográfico como elemento de entrada [NR] Responsabilidad del estado (Derecho internacional)
9 (RLIN) 23676
690 ## - ASUNTO AGREGADO LOCAL DE ENTRADA - TÉRMINO TEMÁTICO (OCLC, RLIN)
Acceso temático local Derecho internacional
9 (RLIN) 12776
942 ## - ELEMENTOS DE ENTRADA AGREGADOS (KOHA)
Tipo de ítem principal el descrito en 300a Libro
Tema principal Derecho
Edición 20
Parte restante de la signatura top. P293c
Sistema de clasificación DEWEY
Clasificación 341
Existencias
Fecha de último préstamo Total préstamos Total Renewals Signatura topográfica Código de barras Última vez visto Volúmen / Fascículo Ejemplar Price effective from Tipo de ítem Perdido Sistema de clasificación Dañado No prestable Tipo de ítem específico Suprimido Ubicación habitual Ubicación actual Localización Fecha de creación Forma de adquisición Costo Costo de reposición Proveedor
10/04/2018 36 20 341 P293c 100057833 11/06/2026 8a. Ed. Ej.1 03/02/2013 Libro   DEWEY     Libro   Claustro Claustro 3er piso 28/02/2003 Compra 137000.00    
03/12/2022 15 12 341 P293c 100139331 04/12/2025 17a.Ed. Ej.1 25/11/2013 Libro   DEWEY     Libro   Claustro Claustro 3er piso 25/11/2013 Compra 170423.00 170423.00 37
26/10/2024 11 5 341 P293c 100149461 04/12/2025 19a.Ed. Ej.1 01/06/2016 Libro   DEWEY     Libro   Claustro Claustro 3er piso 01/06/2016 Compra 166500.00 166500.00 14
      341 P293c 100157374 04/12/2025 20a.Ed. Ej.1 14/06/2018 Libro de reserva   DEWEY     Libro de reserva   Claustro Claustro 3er piso 14/06/2018 Compra 144000.00 144000.00 14
09/09/2025 12 11 341 P293c 100157375 04/12/2025 20a.Ed. Ej.2 14/06/2018 Libro   DEWEY     Libro   Claustro Claustro 3er piso 14/06/2018 Compra 144000.00 144000.00 14